000 00373nam a2200145Ia 4500
008 230917s9999||||xx |||||||||||||| ||und||
040 _e50244
_aMAIN
041 _aEnglish
082 _a821.8 Y34S:W
100 _aStock, A G
245 0 _aW B Yeats : His poetry and thought
260 _aLondon
_bCambridge University Press
_c1964
300 _axii, 254 p.
942 _cBK
999 _c186718
_d186718